02467cam a22004574i 4500003000900000005001700009008004100026020001500067035002700082040003300109049000900142082001900151100004200170245014500212264006300357300003800420336002100458337002500479338002300504504004000527505077500567526001001342526001001352526001001362526001001372526000801382526000801390526000801398526000801406526000801414526000801422526000801430630005301438942001401491949012401505994001401629596000601643999014901649980005501798952015601853PE-LiUPU20250731172945.0150623s r 000 0 d a0802838154 a(Sirsi) i9780802838155 aPE-LiUPUbspacPE-LiUPUerda aPRUA04a221.6bF822211 aFreedman, David Noel,d1922-,eautor.10aDivine commitment and human obligation :bselected writings of David Noel Freedman. Vol. 1: History and Religion.n1 /cDavid Noel Freedman. 1aMichigan :bWilliam B. Eerdmans Publishing Company,c1997. a545 páginas ;c24 centímetros atext2rdacontent aunmediated2rdamedia avolume2rdacarrier aBibliografía al pie de páginas.0 aThe "Houser of Absalom" in the habakkuk Scroll (1949). -Notes on Genesis (1953). -The book of Ezekiel (1954). -The Babylonian chronicle (1956). -The prayer of Nabonidus (1957). -The slave of Yahweh (1959). -History and eschatolog: the nature of biblical religion and prophetic faith (1960). -The name of the God of Moses (1960). -The chronicler's purpose (1961). -Kaufmann's the religion of Israel (review) (1962). -Pentateuch (1962). -The continuing revolution in Biblical research (1963). -The law and the prophets (1963). -On Method in biblical studies: the Old Testament (1963). -Modern Scripture research and ecumenism (1963). -Divine commitment and human obligation: the covenant theme (1964). -The Hebrew Old Testament and the ministry today: an exegetical study. aSEG42 aSEG41 aSEG40 aSEG39 aP94 aP87 aP86 aP85 aP77 aP76 aP35 aBiblia.pA.T.xCrítica, interpretación, etc. 2ddccBOOK a221.6 F82 1wDEWEYc1i44735lCCODEBUL1mBULr0sYtBOOKu2015-6-24xTEOLOGIAPP350COMPRAo.STAFF. Colección General aC0bPEPRU a1 a221.6 F82 1wDEWEYc21601i44735f2021-11-9g5lCCODEBUL1mBULr0sYtBOOKu2015-6-24xTEOLOGIAPP350COMPRAo.STAFF. Colección Generald21601 81gALBERTO SANCHEZ Responsable de Automatización r2025-12-02 00:00:00i6l0o221.6 F82 1p44735te1w2015-06-24xFTyBKzinventario-2023-12-13102ddc50708GENfP35aBULbBULcGENd2015-06-24eCOMPRA